The great texts of the Bible. (Record no. 6754)
[ view plain ]
| 000 -LEADER | |
|---|---|
| fixed length control field | 00414cam a22001571 4500 |
| 001 - CONTROL NUMBER | |
| control field | 8412731 |
| 005 - DATE AND TIME OF LATEST TRANSACTION | |
| control field | 20250628103901.0 |
| 008 - FIXED-LENGTH DATA ELEMENTS--GENERAL INFORMATION | |
| fixed length control field | 730823s1958 xx 000 0 eng |
| 050 00 - LIBRARY OF CONGRESS CALL NUMBER | |
| Classification number | BS491 |
| Item number | .H32 |
| 082 ## - DEWEY DECIMAL CLASSIFICATION NUMBER | |
| Classification number | 220.7 |
| 100 1# - MAIN ENTRY--PERSONAL NAME | |
| Personal name | Hastings, James, |
| Dates associated with a name | 1852-1922, |
| Relator term | ed. |
| 245 14 - TITLE STATEMENT | |
| Title | The great texts of the Bible. |
| 260 ## - PUBLICATION, DISTRIBUTION, ETC. | |
| Place of publication, distribution, etc. | Grand Rapids, |
| Name of publisher, distributor, etc. | Eerdmans |
| Date of publication, distribution, etc. | [1958- |
| 300 ## - PHYSICAL DESCRIPTION | |
| Extent | 20 v., index, |
| Dimensions | 23 cm. |
| 942 ## - ADDED ENTRY ELEMENTS (KOHA) | |
| Source of classification or shelving scheme | Library of Congress Classification |
| Koha item type | Books |
| Suppress in OPAC | No |
| 999 ## - | |
| -- | 6754 |
| -- | 6754 |
| Withdrawn status | Lost status | Source of classification or shelving scheme | Damaged status | Not for loan | Collection | Home library | Current library | Shelving location | Date acquired | Total checkouts | Full call number | Barcode | Date last seen | Copy number | Price effective from | Koha item type |
|---|---|---|---|---|---|---|---|---|---|---|---|---|---|---|---|---|
| Library of Congress Classification | Non-fiction | Undergraduate Library (Christ Temple) | Undergraduate Library (Christ Temple) | General stacks | 06/28/2025 | BS1430.3 HAS | ulct00003607 | 06/28/2025 | 1 | 06/07/2025 | Books | |||||
| Library of Congress Classification | Non-fiction | Undergraduate Library (Christ Temple) | Undergraduate Library (Christ Temple) | General stacks | 06/28/2025 | BS1515.3 HAS | ulct00003620 | 06/28/2025 | 1 | 06/07/2025 | Books |